Tổng kết cuộc kháng chiến chống Thực dân pháp Thắng lợi và bài học
Đề cập đến những tính chất của khái chiến mang tính dân tộc , tính dân chủ, tính chất liên minh của nhân dân ba nước Việt,Lào,Campuchia, tính chất quốc tế,..
Đã lưu trong:
| Tác giả chính: | |
|---|---|
| Định dạng: | Sách |
| Ngôn ngữ: | Vietnamese |
| Năm xuất bản: |
H.
Chính trị Quốc gia
1996
|
| Chủ đề: | |
| Tags: |
Thêm thẻ
Không có thẻ, Hãy là người đầu tiên gắn thẻ bản ghi này!
|
| LEADER | 01166nam a2200253 a 4500 | ||
|---|---|---|---|
| 001 | vtls000002582 | ||
| 003 | VRT | ||
| 005 | 20161004094010.0 | ||
| 008 | 041025 2000 vm g 000 vie d | ||
| 039 | 9 | |a 201211301057 |b Hanh |c 201211301054 |d Hanh |c 200812221408 |d quynh |c 200804211400 |d quynh | |
| 040 | |a TVTTHCM |e AACR2. | ||
| 082 | 0 | 4 | |a 959.7041 |b T455k |
| 100 | 1 | |a Lê Bằng | |
| 245 | 1 | 0 | |a Tổng kết cuộc kháng chiến chống Thực dân pháp |c Lê Bằng, Hoàng Dũng ,Nguyễn Duy Hiền |b Thắng lợi và bài học |
| 260 | |a H. |b Chính trị Quốc gia |c 1996 | ||
| 300 | |a 1996 tr. |c 22 cm | ||
| 520 | |a Đề cập đến những tính chất của khái chiến mang tính dân tộc , tính dân chủ, tính chất liên minh của nhân dân ba nước Việt,Lào,Campuchia, tính chất quốc tế,.. | ||
| 653 | |a Lịch sử | ||
| 653 | |a Việt nam | ||
| 653 | |a Kháng chiến chống pháp | ||
| 942 | |2 ddc |c SH | ||
| 949 | |6 100001132 | ||
| 999 | |c 2946 |d 2946 | ||
| 952 | |0 0 |1 0 |2 ddc |4 0 |6 959_704100000000000_T455K |7 0 |8 900 |9 33989 |a qbu |b qbu |c D5 |d 2014-12-15 |g 399000 |o 959.7041 T455k |p 4020.C1 |r 2018-01-26 |w 2014-12-15 |y SH |0 0 |6 959_704100000000000_T455K | ||